| 000 | 00691nam a2200205 i 4500 | ||
|---|---|---|---|
| 001 | 150439 | ||
| 003 | ES-MaACL | ||
| 005 | 20230906203520.0 | ||
| 007 | t| | ||
| 008 | 071030s1968 sp ||||1| spa d | ||
| 100 | 1 |
_aValcarce Alfayate, Enrique. _9112463 |
|
| 245 | 1 | 4 |
_aLas cosas como son _b: explosión y control / _cEnrique Valcarce Alfayate ; prólogo de Pedro Laín Entralgo. |
| 260 |
_aMadrid : _bStudium, _c[1968] |
||
| 300 |
_a123 p. ; _c19 cm. |
||
| 650 | 0 | 0 |
_aControl de natalidad- _xAspectos religiosos. _911339 |
| 700 | 1 |
_aLaín Entralgo, Pedro, _d1908-2001 _969681 |
|
| 852 |
_aES-MaACL _jC-51224 _bR.66201 |
||
| 852 |
_aES-MaACL _jC-51474 _bR.66634 |
||
| 999 |
_c150439 _d150439 |
||